| 000 | 01216ncm0a2200349 4500 | ||
|---|---|---|---|
| 001 | RU\NLR\ONIZ\198428 | ||
| 005 | 20250624194810.0 | ||
| 010 | _a978-5-7140-0289-2 | ||
| 021 |
_aRU _b14-102н _914-6н |
||
| 035 | _aRU\NLR\ONIZ\GALA\5000012444\20140623105622 | ||
| 035 | _a(NLR Aleph) 010889038 | ||
| 071 | 2 | 0 | _a2734 |
| 090 |
_a10541917 _c10541917 |
||
| 100 | _a20140623d2006 |||y0rusy50 ca | ||
| 101 | 0 | _arus | |
| 102 | _aRU | ||
| 200 | 1 |
_aЧтение с листа на уроках сольфеджио _bНоты _fГ. Фридкин |
|
| 210 |
_aМосква _cМузыка _dcop. 2006 |
||
| 215 |
_a128 с. _d29 см |
||
| 606 | 1 |
_aСольфеджио _yРоссия _z20-21 век _jНоты _2nlr_sh |
|
| 686 |
_aЩ907.11(2Р=Рус) _vLBC/SL _2rubbk |
||
| 700 | 1 |
_9z02790 _aФридкин _bГ. А. _gГригорий Абрамович _4070 |
|
| 790 | 1 |
_9z02700 _aFridkin _bG. A. _gGrirorij Abramovich _4070 |
|
| 801 | 0 |
_aRU _bNLR _c20140623 _gPSBO |
|
| 801 | 1 |
_aRU _bNLR _c20140623 _2rusmarc |
|
| 801 | 2 |
_aRU _bNLR _c20191120 |
|
| 852 |
_aNLR _bМ _j3/10805 _pМОЭ 2014-6н/102н _t1 |
||
| 852 |
_aNLR _bМ _j3/10805а _pМОЭ 2014-6н/102на _t2 |
||
| 942 | _cSCORE | ||
| 980 | _aNB | ||
| 980 | _aONIZ | ||